| 000 | 00480nam a2200181Ia 4500 | ||
|---|---|---|---|
| 003 | OSt | ||
| 005 | 20250311112016.0 | ||
| 008 | 210210b1949 xxu||||| |||| 00| 0 eng d | ||
| 040 | _cAL | ||
| 041 | _aKannada | ||
| 082 | _a859/233 | ||
| 100 |
_aINAMDAR (V M) _956165 _dಇನಾಂದಾರ್ (ವಿ.ಎಂ) |
||
| 245 |
_aEradu druva _bಎರಡು ಧ್ರುವ |
||
| 260 |
_aBengaluru _b- _c1949 |
||
| 690 |
_aKannada Fiction _956166 |
||
| 906 | _a021007 | ||
| 942 |
_2ddc _cBK |
||
| 999 |
_c145169 _d145169 |
||